Contributions to traning in coastal zone management in the Asia-Pacific region and report of the first nettlap resources development workshop for education and training at tertiary level in coastal zone management
Guardado en:
| Autor principal: | |
|---|---|
| Formato: | Libro |
| Lenguaje: | Undetermined |
| Publicado: |
Thailand
Nettlap
1993
|
| Materias: | |
| Etiquetas: |
Agregar Etiqueta
Sin Etiquetas, Sea el primero en etiquetar este registro!
|
| Thư viện lưu trữ: | Trung tâm Học liệu Trường Đại học Cần Thơ |
|---|
| LEADER | 00648nam a2200181Ia 4500 | ||
|---|---|---|---|
| 001 | CTU_11550 | ||
| 008 | 210402s9999 xx 000 0 und d | ||
| 082 | |a 658.09146 | ||
| 082 | |b C764 | ||
| 100 | |a John E Hay | ||
| 245 | 0 | |a Contributions to traning in coastal zone management in the Asia-Pacific region and report of the first nettlap resources development workshop for education and training at tertiary level in coastal zone management | |
| 245 | 0 | |c John E Hay | |
| 260 | |a Thailand | ||
| 260 | |b Nettlap | ||
| 260 | |c 1993 | ||
| 650 | |a management - asia | ||
| 904 | |i Minh, 961025 | ||
| 980 | |a Trung tâm Học liệu Trường Đại học Cần Thơ | ||